[Event "President's Cup"]
[Site "Seattle, WA"]
[Date "2016.02.13"]
[Round "1"]
[White "Tang Emily  (WA)"]
[Black "Varner Murlin  (WA)"]
[Result "0-1"]
[WhiteElo "1132"]
[BlackElo "1568"]
[Annotator ""]
[Source ""]
[Remark "Reserve"]

1.e4 e6 2.d4 d5 3.e5 c5 4.c3 Nc6 5.Nf3 Bd7 6.Bf4 cxd4 7.cxd4
Qb6 8.b3 Bb4+ 9.Bd2 Nxd4 10.Nc3 Nxf3+ 11.Qxf3 Bc6 12.Qg4 g6 13.Rd1
h5 14.Qf4 Ne7 15.Nb1 Bxd2+ 16.Rxd2 Nf5 17.Be2 O-O-O 18.O-O Rhg8
19.Rc1 g5 20.Qa4 Kb8 21.Qa3 g4 22.g3 h4 23.Rd3 h3 ( 23...hxg3
24.hxg3 Rh8 ) 24.Nd2 Bb5 25.Rc5 Bxd3 26.Bxd3 Nd4 27.Ra5 Nc6 28.Rb5
Qc7 29.b4 Nxe5 30.Be2 f5 31.Nb3 Nc4 ( 31...Qc2 32.Kf1 Rc8 ) 32.Qa4
Rd6 33.Nc5 Nb6 34.Qa3 Rg7 35.Ra5 Nc4 36.Bxc4 dxc4 37.Qa4 a6
( 37...Qd8 38.f4 Rd1+ 39.Qxd1 Qxd1+ ) 38.f4 Qc6 39.Qxc6 Rxc6
40.Kf2 Re7 41.Ke3 Kc8 42.Ra3 e5 43.fxe5 Rxe5+ 44.Kf4 Rexc5 45.bxc5
Rxc5 46.Rc3 b5 47.Ke3 Kc7 48.Kd4 Kc6 49.Ra3 Rd5+ 50.Kc3 Rd3+
51.Kb4 Rxa3 52.Kxa3 a5 53.Kb2 Kc5 54.Kb1 Kd4 55.Kc1 Kd3 56.Kb1
c3 57.Kc1 c2 58.Kb2 Kd2 {I saw that if I queened, her king couldn't move, but forgot she still had a pawn to move.}
59.Kb3 a4+ ( 59...c1Q 60.a4 Qb1+ 61.Ka3 b4# ) 60.Kb4 c1Q 61.Kxb5
Kd3 62.Kb6 Kd4 63.Kb5 Qc4+ 64.Kb6 Kd5 65.Kb7 Kd6 66.Kb8 Kd7 67.Ka7
Qb5 68.Ka8 Kc7 69.Ka7 Qb7# 0-1

[Event "President's Cup"]
[Site "Seattle, WA"]
[Date "2016.02.13"]
[Round "2"]
[White "Varner Murlin  (WA)"]
[Black "Pogrebinsky Ethan  (WA)"]
[Result "1/2-1/2"]
[WhiteElo "1568"]
[BlackElo "1303"]
[Annotator ""]
[Source ""]
[Remark "Reserve"]

1.c4 e5 2.Nc3 Nf6 3.g3 d6 4.Bg2 Be6 5.Bxb7 Nbd7 6.Bxa8 Qxa8 7.Nf3
h6 8.O-O Bh3 9.Nb5 Qb7 10.Qb3 Nc5 11.Nxd6+ Bxd6 12.Qxb7 Nxb7
13.Rd1 c5 14.d3 O-O 15.b3 Re8 16.Bb2 Ng4 17.Nh4 e4 18.d4 e3 19.fxe3
Nxe3 20.Rd3 cxd4 21.Bxd4 Nc2 22.Rad1 Nxd4 23.Rxd4 Bc5 24.Kf2
Bg4 25.Nf3 Bxd4+ 26.Rxd4 Bf5 27.Nh4 Bb1 28.a3 Rd8 29.Rxd8+ Nxd8
30.b4 Bc2 31.Ke3 Nc6 32.Nf3 f6 33.Nd4 Nxd4 34.Kxd4 Kf7 35.Kd5
Ke7 36.c5 ( 36.Kc6 ) Kd7 37.e4 Bb3+ 38.Kd4 Ba4 39.e5 fxe5+
( 39...f5 ) 40.Kxe5 Ke7 41.g4 g6 42.h4 Bb5 43.Kd5 Kd7 44.g5 h5
45.Ke5 Ke7 46.Kd5 1/2-1/2

[Event "President's Cup"]
[Site "Seattle, WA"]
[Date "2016.02.13"]
[Round "1"]
[White "Tien Sophie  (WA)"]
[Black "Killian Timothy  (IA)"]
[Result "0-1"]
[WhiteElo "1611"]
[BlackElo "1898"]
[Annotator ""]
[Source ""]
[Remark "Open"]

1.e4 e6 2.d4 d5 3.Nd2 Nf6 4.e5 Nfd7 5.c3 c5 6.Bd3 Nc6 7.Ne2 cxd4
8.cxd4 f6 9.exf6 Nxf6 10.O-O Bd6 11.Nf3 O-O 12.Bf4 Bxf4 13.Nxf4
Ne4 14.Nh5 Ng5 15.Ne5 Nxe5 16.dxe5 Nf7 17.Qc2 Nxe5 18.Bxh7+ Kh8
19.f4 Ng4 20.Qg6 Qe7 21.Rae1 Nf6 22.Nxf6 Rxf6 23.Qd3 Qf7 24.f5
exf5 25.Qh3 Rh6 26.Rxf5 Bxf5 27.Qxf5 Rf8 28.Qxf7 Rxf7 29.Bc2
Rhf6 30.h3 Kg8 31.Re8+ Rf8 32.Re7 R6f7 33.Re5 Rd8 34.Re2 Kf8
35.Bb3 Rf6 36.Rd2 d4 37.Rd3 Ke7 38.g3 Rdd6 39.Kg2 Kd7 40.h4 Kc6
41.a4 Kc5 42.Bc2 Rde6 43.Rb3 Re2+ 0-1

[Event "President's Cup"]
[Site "Seattle, WA"]
[Date "2016.02.13"]
[Round "1"]
[White "Munsey Michael  (WA)"]
[Black "Subramanian Nithya  (WA)"]
[Result "1/2-1/2"]
[WhiteElo "1311"]
[BlackElo "850"]
[Annotator ""]
[Source ""]
[Remark "Reserve"]

1.d4 d5 2.c4 c6 3.Nc3 Nf6 4.cxd5 cxd5 5.Bg5 Bf5 6.Bxf6 exf6 7.Qb3
Nc6 8.e3 Bb4 9.a3 Bxc3+ 10.bxc3 Rb8 11.c4 Bg4 12.f3 Be6 13.Rc1
O-O 14.Rc3 Re8 15.cxd5 Bxd5 16.Qc2 Qa5 17.Kf2 Ne7 18.e4 Bc6 19.Qd2
Rbc8 20.Bc4 Rf8 21.d5 Bxd5 22.Bxd5 Qxc3 23.Qxc3 Rxc3 24.Bxb7
Rxa3 25.Ne2 Ra2 26.Rd1 h6 27.Rd7 Ng6 28.Bd5 Rd2 29.Bxf7+ Rxf7
30.Rxd2 Ne5 31.Rd8+ Kh7 32.Nd4 1/2-1/2

[Event "President's Cup"]
[Site "Seattle, WA"]
[Date "2016.02.13"]
[Round "1"]
[White "Reeves Jasen  (WA)"]
[Black "Deng Samuel  (WA)"]
[Result "1-0"]
[WhiteElo "1381"]
[BlackElo "1644"]
[Annotator ""]
[Source ""]
[Remark "Open"]

1.d4 Nf6 2.c4 e6 3.Nc3 Bb4 4.Qc2 O-O 5.Nf3 c5 6.Bd2 cxd4 7.Nxd4
Nc6 8.Nb3 b6 9.a3 Be7 10.e4 Ba6 11.Bf4 d6 12.h3 Rc8 13.Rd1 Qc7
14.c5 Qb7 15.cxd6 Bd8 16.Bxa6 Qxa6 17.d7 Ra8 18.e5 Nh5 19.Bh2
g6 20.Ne4 Ne7 21.g4 Ng7 22.Nf6+ Kh8 23.Qd2 Ng8 24.g5 Nxf6 25.gxf6
Nf5 26.Nd4 Rg8 27.Rc1 Qa4 28.Nxf5 Qe4+ 29.Qe3 Qxh1+ 30.Ke2 Qb7
31.Nh6 Rf8 32.Qd3 Bc7 33.Qc4 Bd8 34.Qc6 Qxc6 35.Rxc6 Rb8 36.Rc8
Bxf6 37.Rxb8 Rxb8 38.exf6 Rf8 39.Bd6 Ra8 40.Be7 g5 1-0

[Event "President's Cup"]
[Site "Seattle, WA"]
[Date "2016.02.13"]
[Round "1"]
[White "Rigby Alden  (WA)"]
[Black "Xiao Alison  (WA)"]
[Result "0-1"]
[WhiteElo "691"]
[BlackElo "1216"]
[Annotator ""]
[Source ""]
[Remark "Reserve"]

1.c4 e5 2.g3 Nf6 3.d3 Nc6 4.Bg2 Bc5 5.Nf3 O-O 6.O-O d5 7.cxd5
Nxd5 8.Nc3 Nf6 9.Bg5 h6 10.Bxf6 Qxf6 11.Ne4 Qe7 12.Qc2 Bd4 13.Rab1
Nb4 14.Qd2 Nc6 15.b4 a6 16.a4 b5 17.Rfc1 Bb7 18.a5 Rab8 19.Kh1
Rfd8 20.Qe1 Rd5 21.e3 Ba7 22.Rd1 Rbd8 23.Qe2 Nxb4 24.Ne1 R5d7
25.Rb2 f5 26.Nf6+ Qxf6 27.Bxb7 c5 28.Bg2 Qe7 29.Qh5 c4 30.Qxf5
cxd3 31.Rbd2 Qf6 32.Qxf6 gxf6 33.Be4 Kf7 34.Nxd3 Nxd3 35.Rxd3
Rxd3 36.Rxd3 Rxd3 37.Bxd3 Bc5 38.Kg2 Bb4 39.Kf3 Bxa5 40.Ke2 Ke6
41.Kd1 Bc7 42.Kc2 Kd5 43.Kb3 0-1

[Event "President's Cup"]
[Site "Seattle, WA"]
[Date "2016.02.13"]
[Round "1"]
[White "Cobden Graham  (WA)"]
[Black "Hasuike Mike  (OR)"]
[Result "1-0"]
[WhiteElo "1077"]
[BlackElo "1526"]
[Annotator ""]
[Source ""]
[Remark "Reerve"]

1.e4 Nf6 2.Nc3 d5 3.exd5 Nxd5 4.Nxd5 Qxd5 5.Nf3 Bg4 6.Be2 Nc6
7.c3 e5 8.h3 Bh5 9.d3 Bd6 10.Qb3 Qxb3 11.axb3 O-O 12.Be3 f5 13.Ra4
a6 14.Rh4 Bg6 15.Ra4 h6 16.O-O Rae8 17.Re1 f4 18.Bc1 Bf5 19.Nh4
Bh7 20.Bh5 Re6 21.d4 Ref6 22.dxe5 Nxe5 23.Rd4 Nd3 24.Rd1 Nxc1
25.Rxc1 g6 26.Bg4 h5 27.Be2 Re6 28.Bc4 Rff6 29.Re1 g5 30.Bxe6+
Kg7 31.Nf3 Kh6 32.Bc8 g4 33.hxg4 hxg4 34.Bxg4 a5 35.Re6 Rxe6
36.Bxe6 1-0

[Event "President's Cup"]
[Site "Seattle, WA"]
[Date "2016.02.13"]
[Round "1"]
[White "Berg Forest  (WA)"]
[Black "Kumar Varun  (WA)"]
[Result "0-1"]
[WhiteElo "1030"]
[BlackElo "1451"]
[Annotator ""]
[Source ""]
[Remark "Reserve"]

1.e4 e6 2.d4 d5 3.exd5 exd5 4.Bd3 Bd6 5.Nc3 Ne7 6.h3 Nbc6 7.Nf3
a6 8.O-O Nb4 9.Re1 Nxd3 10.Qxd3 O-O 11.Bg5 f6 12.Bh4 Bf5 13.Qd2
Qd7 14.Qe2 Rae8 15.Nh2 Ng6 16.Qh5 Nxh4 17.Qxh4 Bxc2 18.Ng4 Rxe1+
19.Rxe1 Re8 20.Rf1 c6 21.f4 Be4 22.Qg3 Kh8 23.Qh4 Qf5 24.Qg3
Qg6 25.Re1 f5 26.Re3 fxg4 27.f5 Bxg3 28.fxg6 Bf4 29.Re2 gxh3
30.gxh3 Bxg6 31.Rf2 Be3 32.Kg2 Bxf2 33.Kxf2 Rf8+ 0-1

[Event "President's Cup"]
[Site "Seattle, WA"]
[Date "2016.02.13"]
[Round "3"]
[White "Munsey Michael  (WA)"]
[Black "Varner Murlin  (WA)"]
[Result "0-1"]
[WhiteElo "1311"]
[BlackElo "1568"]
[Annotator ""]
[Source ""]
[Remark "Reserve"]

1.d4 Nf6 2.c4 g6 3.Nc3 d6 4.Nf3 Bg7 5.Bg5 O-O 6.e3 c5 7.d5 Na6
8.a3 h6 9.Bh4 g5 10.Bg3 Qa5 11.Qc2 Nb4 12.Qb1 Nbxd5 13.cxd5 Nxd5
14.Kd1 Nxc3+ 15.bxc3 Bxc3 16.Ra2 Be6 17.Ra1 Qa4+ 18.Kc1 Bxa1
19.Qxa1 Bf5 20.Qb2 Rab8 21.Bb5 Qe4 22.Ne1 a6 23.Bd3 Qe6 24.Bxf5
Qxf5 25.f3 b5 26.e4 Qe6 27.Nc2 Qc4 28.Bxd6 exd6 29.Qf6 Qe6 0-1

[Event "President's Cup"]
[Site "Seattle, WA"]
[Date "2016.02.13"]
[Round "1"]
[White "Kaelin Alex  (WA)"]
[Black "Tien Andy  (WA)"]
[Result "0-1"]
[WhiteElo "781"]
[BlackElo "1307"]
[Annotator ""]
[Source ""]
[Remark "Reserve"]

1.e4 e5 2.Nf3 Nc6 3.Bc4 Bc5 4.c3 Nf6 5.d3 a6 6.O-O d6 7.h3 O-O
8.Bg5 h6 9.Bh4 Na5 10.Nbd2 b5 11.Bb3 Nxb3 12.Nxb3 Bb6 13.Re1
Qe7 14.Bxf6 Qxf6 15.d4 Bb7 16.a4 c5 17.a5 Ba7 18.d5 c4 19.Nbd2
Qg6 20.b4 Bc8 21.g4 h5 22.Nh2 f5 23.exf5 Rxf5 24.Re2 Rf4 25.Ne4
hxg4 26.Ng3 gxh3 27.Kf1 Qxg3 0-1

[Event "President's Cup"]
[Site "Seattle, WA"]
[Date "2016.02.13"]
[Round "1"]
[White "Mayer Jacob  (MN)"]
[Black "Pothukuchi Revanth  (WA)"]
[Result "1-0"]
[WhiteElo "1755"]
[BlackElo "1587"]
[Annotator ""]
[Source ""]
[Remark "Open"]

1.e4 c5 2.Nf3 d6 3.d4 cxd4 4.Qxd4 Nc6 5.Qa4 Bd7 6.Qb3 Qc7 7.Nc3
e6 8.Nb5 Qb8 9.Bf4 a6 10.Nbd4 Nxd4 11.Nxd4 b5 12.Nf3 e5 13.Ng5
Nh6 14.Bd2 Be7 15.h3 Qc7 16.Rc1 O-O 17.c4 Qd8 18.Qg3 f5 19.cxb5
axb5 20.Bxb5 Kh8 21.Bxd7 Qxd7 22.Qd3 f4 23.Nf3 Qb7 24.Bc3 Rxa2
25.O-O Ra4 26.Rfe1 Ng8 27.Nd2 Nf6 28.b4 Ra3 29.Nc4 Ra6 30.Rb1
Rc8 31.b5 Ra4 32.Na5 Qa7 33.b6 Qb8 34.b7 Rc7 35.Qa6 Rxc3 36.Rec1
Rxa5 37.Rxc3 Rxa6 38.Rc8+ Qxc8 39.bxc8Q+ Ng8 40.Qxa6 {The scoresheet falls apart at this point, but somewhere about 10-15 moves later, White found another way to mate.}
( 40.Rb8 Ra1+ 41.Kh2 Bf8 42.Qxf8 Rh1+ 43.Kxh1 h6 44.Qxg8# ) 1-0

[Event "President's Cup"]
[Site "Seattle, WA"]
[Date "2016.02.13"]
[Round "1"]
[White "Qian Daniel  (WA)"]
[Black "Frasca James  (WA)"]
[Result "1-0"]
[WhiteElo "1227"]
[BlackElo "745"]
[Annotator ""]
[Source ""]
[Remark "Reserve"]

1.d4 d5 2.c4 dxc4 3.e4 Nf6 4.Nc3 Nc6 5.d5 Bg4 6.f3 Bh5 7.dxc6
Qxd1+ 8.Nxd1 bxc6 9.Bxc4 e6 10.Be3 Bb4+ 11.Nc3 O-O 12.Nge2 Rfd8
13.O-O Rd7 14.Rfd1 Rxd1+ 15.Rxd1 Rb8 16.a3 Ba5 17.b4 Bb6 18.Bxb6
axb6 19.Nf4 Bg6 20.Nxg6 hxg6 21.a4 b5 22.axb5 cxb5 23.Bxb5 c6
24.Bxc6 Rxb4 25.e5 Rc4 26.exf6 Rxc6 27.Ne4 gxf6 28.Nxf6+ Kg7
29.Ne4 f5 30.Ng3 f4 31.Ne4 Kh6 32.h3 Kh5 33.Rd6 Rc1+ 34.Kh2 g5
35.Rxe6 Rc8 36.Re5 Rh8 37.Rxg5+ Kh4 38.Rg4+ Kh5 39.Nf6+ Kh6 40.Rh4+
Kg7 41.Rxh8 Kxh8 42.h4 Kg7 43.Kh3 Kxf6 44.Kg4 Kg6 45.Kxf4 Kf6
46.g4 Kf7 47.Kf5 Ke7 48.g5 Kd6 49.g6 Kd5 50.g7 Kc5 51.g8Q Kd4
52.Qe8 Kd5 53.Qe4+ Kd6 54.Qe5+ Kc6 55.Qd4 Kb5 56.Qc3 Kb6 57.Ke5
Kb5 58.Kd5 Kb6 59.Qc5+ Kb7 60.Qc6+ Kb8 61.Qd7 Ka8 62.Kc6 Kb8
63.Qb7# 1-0

[Event "President's Cup"]
[Site "Seattle, WA"]
[Date "2016.02.13"]
[Round "2"]
[White "Yee Nathaniel  (WA)"]
[Black "Reeves Jasen  (WA)"]
[Result "1-0"]
[WhiteElo "1837"]
[BlackElo "1381"]
[Annotator ""]
[Source ""]
[Remark "Open"]

1.e4 e5 2.Nf3 Nc6 3.Bc4 Nf6 4.Ng5 d5 5.exd5 Nd4 6.c3 Nf5 7.Qf3
Bc5 8.d3 O-O 9.Ne4 Bb6 10.Bg5 Kh8 {This is all I've got.  Somewhere down the line, White wins.}
 1-0

[Event "President's Cup"]
[Site "Seattle, WA"]
[Date "2016.02.13"]
[Round "2"]
[White "Chen Minda  (WA)"]
[Black "Chi Quentin  (WA)"]
[Result "0-1"]
[WhiteElo "1532"]
[BlackElo "1910"]
[Annotator ""]
[Source ""]
[Remark "Open"]

1.d4 Nf6 2.c4 c5 3.e3 e6 4.Nc3 cxd4 5.exd4 Bb4 6.f3 O-O 7.Bd3
d5 8.cxd5 Nxd5 9.Nge2 Nc6 10.O-O Nf6 11.Bf4 Bd6 12.Bg5 Be7 13.Rc1
Nxd4 14.Nxd4 Qxd4+ 15.Kh1 a6 16.Be2 Qb6 17.Qc2 Bd7 18.Bd3 h6
19.Bh4 Rac8 20.Qe2 Bc6 21.Rfd1 Qa5 22.Rd2 Qh5 23.Bg3 Nd5 24.Rdd1
Bg5 25.Rb1 Ne3 26.Be4 Nxd1 27.Bxc6 Nxc3 28.bxc3 bxc6 29.Qf1 Qg6
30.Rb3 Qc2 31.Rb1 Qxa2 0-1

[Event "President's Cup"]
[Site "Seattle, WA"]
[Date "2016.02.14"]
[Round "4"]
[White "Varner Murlin  (WA)"]
[Black "Lee, Boas  (WA)"]
[Result "1-0"]
[WhiteElo "1568"]
[BlackElo "1561"]
[Annotator ""]
[Source ""]
[Remark "Reserve"]

1.c4 f5 2.g3 Nf6 3.Bg2 e5 4.Nc3 Bc5 5.e3 O-O 6.Nge2 d6 7.O-O
f4 8.exf4 exf4 9.d4 Bb6 10.Bxf4 Nc6 11.a3 Bf5 12.b4 a6 13.Bg5
Qd7 14.c5 Ba7 15.Re1 Kh8 16.Bxf6 Rxf6 17.Nd5 Rh6 18.Nef4 Rf8
19.Qd2 b6 20.cxd6 Qxd6 21.Ne3 Bd7 22.Bxc6 Qxc6 23.d5 Qd6 24.Nc4
Qf6 25.Ne5 Qd6 26.Nxd7 Qxd7 27.Rad1 b5 28.Re6 Rxe6 29.dxe6 Qe7
30.Qd7 Re8 31.Qxe7 Rxe7 32.Rd8+ 1-0

[Event "President's Cup"]
[Site "Seattle, WA"]
[Date "2016.02.13"]
[Round "2"]
[White "Rajesh Anirudh  (WA)"]
[Black "Rigby Alden  (WA)"]
[Result "1/2-1/2"]
[WhiteElo "1036"]
[BlackElo "691"]
[Annotator ""]
[Source ""]
[Remark "Reserve"]

1.d4 Nf6 2.c4 g6 3.Nc3 Bg7 4.Nf3 O-O 5.Bf4 d6 6.e3 c5 7.d5 Bg4
8.h3 Bxf3 9.Qxf3 Nbd7 10.Be2 Rb8 11.O-O a6 12.b3 Nh5 13.Rac1
Nxf4 14.Qxf4 Nf6 15.Rfe1 Qd7 16.Rc2 Qf5 17.Qxf5 gxf5 18.Bd3 e6
19.dxe6 fxe6 20.e4 fxe4 21.Nxe4 Rbe8 22.Nxd6 Rd8 23.Rxe6 Rd7
24.Be2 Rfd8 25.Ne4 Nxe4 26.Rxe4 Rd2 27.Rxd2 Rxd2 28.Bf3 Rxa2
29.Re7 Bd4 30.Re2 Ra3 31.Bxb7 a5 32.Bd5+ Kg7 33.g3 Rxb3 34.Ra2
Rxg3+ 35.Bg2 Kf6 36.Rxa5 Rc3 37.Ra4 Rc2 38.Ra6+ Kg5 39.Ra4 Rxf2
40.Kh1 Kf4 41.Ra3 Rc2 42.Ra7 Kg3 43.Ra3+ Kf4 44.Ra7 Rc1+ 45.Kh2
Bg1+ 46.Kh1 Bf2+ 47.Bf1 Rxf1+ 48.Kg2 Rc1 49.Kxf2 h5 50.Rf7+ Kg5
51.Rg7+ Kh6 52.Rg3 Rxc4 53.Rf3 Rc1 54.Kg3 Kg5 55.Re3 c4 56.Re5+
Kg6 57.Rc5 c3 58.Kh4 c2 59.Rc3 Kf5 60.Kxh5 Rh1 61.Rc5+ 1/2-1/2

[Event "President's Cup"]
[Site "Seattle, WA"]
[Date "2016.02.13"]
[Round "2"]
[White "Killian Timothy  (IA)"]
[Black "Anand Vignesh  (WA)"]
[Result "1/2-1/2"]
[WhiteElo "1898"]
[BlackElo "1517"]
[Annotator ""]
[Source ""]
[Remark "Open"]

1.d4 Nf6 2.c4 g6 3.Nc3 Bg7 4.e4 d6 5.Bd3 O-O 6.Nge2 e5 7.d5 Nbd7
8.O-O a5 9.Rb1 Nc5 10.Bc2 Qe8 11.a3 a4 12.Be3 Bd7 13.Bxc5 dxc5
14.d6 cxd6 15.Qxd6 Qe6 16.Qxe6 Bxe6 17.Nd5 Rad8 18.Nec3 Bxd5
19.exd5 Rb8 20.Bxa4 Rfd8 21.Rfd1 Nh5 22.Ne4 b6 23.Bc6 h6 24.b4
cxb4 25.axb4 f5 26.Nc3 Bf8 27.Rd2 Nf6 28.Re2 e4 29.Nb5 Rbc8 30.Nd4
Rd6 31.c5 bxc5 32.bxc5 Rxd5 33.Bxd5+ Nxd5 34.Rc2 Rxc5 35.Rxc5
Bxc5 36.Ne6 Be7 37.Rb7 Kf7 38.Nd4 Kf6 39.Nc6 Bd6 40.Nd8 Be7 41.Nc6
Bd6 42.Rh7 h5 43.Nd8 Ne7 44.Kf1 Nd5 45.Rf7+ Ke5 46.Rd7 Bc5 47.Nc6+
Ke6 48.Rg7 Kf6 49.Rb7 Ne7 50.Nxe7 Bxe7 51.Rb6+ Kg5 52.h4+ Kxh4
53.Rxg6 Bg5 54.Rg8 Kg4 55.Ke2 Kf4 56.g3+ Kg4 57.Rg7 h4 58.gxh4
Kxh4 59.Rg8 f4 60.Re8 e3 1/2-1/2

[Event "President's Cup"]
[Site "Seattle, WA"]
[Date "2016.02.13"]
[Round "1"]
[White "Buck Stephen  (WA)"]
[Black "Chen Minda  (WA)"]
[Result "0-1"]
[WhiteElo "1729"]
[BlackElo "1532"]
[Annotator ""]
[Source ""]
[Remark "Open"]

1.c4 e6 2.Nc3 Nf6 3.g3 d5 4.cxd5 exd5 5.Nf3 Bf5 6.Bg2 c6 7.d4
h6 8.O-O Be7 9.a3 O-O 10.b4 Qc8 11.Bb2 Bh3 12.Rc1 Bxg2 13.Kxg2
Qd8 14.Na4 Nbd7 15.Nc5 Rb8 16.Qc2 Re8 17.e3 Bd6 18.Rce1 Ne4 19.Nd2
Nxd2 20.Qxd2 Nb6 21.Bc1 Qc8 22.Qd3 Nd7 23.e4 dxe4 24.Nxe4 Be7
25.Bf4 Ra8 26.Bd6 Qd8 27.Bxe7 Rxe7 28.Qc3 Nb6 29.Qc5 Rd7 30.Rd1
Rd5 31.Qc3 Qc7 32.Qe3 Rad8 33.Nc3 R5d6 34.Ne4 Re6 35.Qf3 Qe7
36.Nc5 Re2 37.Nxb7 Rd7 38.Na5 Re4 39.Nxc6 Qe6 40.b5 Nc4 41.d5
Qe8 42.a4 Re2 43.Qf4 Ne3+ 44.Kg1 Nxd1 45.Rxd1 Re4 46.Qc1 Rxd5
47.Rf1 Rxa4 48.Qc2 Ra3 49.Qc4 Rdd3 50.Qc5 Rdc3 51.Qd5 a6 52.Na7
Rd3 53.Qc5 axb5 54.Nxb5 Ra5 55.Rb1 Qd7 56.Qc4 Qf5 57.Qb4 Ra2
58.Rf1 Rdd2 59.Nd6 Qg6 60.Ne4 Rdb2 61.Qd4 Rb8 62.Nc3 Rab2 63.Nd5
Qg5 64.h4 Qd2 65.Qe4 Qe2 66.Ne3 R2b4 67.Qd5 Rb2 68.Qd4 Re8 69.Qf4
Re6 70.Qd4 Rd2 71.Qf4 Rf6 72.Qb8+ Kh7 73.Qb1+ g6 74.Qe1 Qxe1
75.Rxe1 Rfxf2 76.Rf1 Rfe2 77.Rxf7+ Kg8 78.Rf3 Rd3 0-1

[Event "President's Cup"]
[Site "Seattle, WA"]
[Date "2016.02.13"]
[Round "2"]
[White "Patton Lorenzo  (WA)"]
[Black "Setiadikurnia Sloan  (WA)"]
[Result "0-1"]
[WhiteElo "804"]
[BlackElo "1951"]
[Annotator ""]
[Source ""]
[Remark "Open"]

1.e4 c5 2.Nf3 d6 3.Nc3 Nf6 4.b3 Nc6 5.Bb2 e5 6.d3 Be7 7.Be2 O-O
8.Qd2 Bg4 9.O-O-O d5 10.exd5 Nxd5 11.Nxd5 Qxd5 12.Kb1 Bf6 13.h3
Be6 14.Rhe1 b5 15.Bf1 a5 16.c4 bxc4 17.dxc4 Bf5+ 18.Ka1 Qxd2
19.Rxd2 a4 20.bxa4 Rxa4 21.Bxe5 Nxe5 22.Nxe5 Re8 23.Bd3 Rxe5
24.Rxe5 Bxe5+ 25.Kb1 Rb4+ 26.Kc1 Bxd3 27.Rxd3 Bd4 28.Kd1 Rxc4
29.Kd2 Ra4 30.Rb3 Rxa2+ 31.Kd3 g6 32.g4 Rxf2 33.Ra3 Rf3+ 34.Kc2
Rxa3 35.Kd2 Kg7 36.Ke2 Kf6 37.Kf1 Ra2 38.Ke1 0-1

[Event "President's Cup"]
[Site "Seattle, WA"]
[Date "2016.02.13"]
[Round "2"]
[White "Jiang Andrew  (WA)"]
[Black "Munsey Michael  (WA)"]
[Result "0-1"]
[WhiteElo "1124"]
[BlackElo "1311"]
[Annotator ""]
[Source ""]
[Remark "Reserve"]

1.e4 d6 2.Nf3 Nf6 3.Nc3 g6 4.Bc4 Nxe4 5.Bxf7+ Kxf7 6.Nxe4 Bh6
7.O-O Kg7 8.b3 Rf8 9.Bb2+ Kg8 10.Nfg5 d5 11.Qe2 Nc6 12.f4 dxe4
13.Qc4+ e6 14.Nxe6 Bxe6 15.Qxe6+ Rf7 16.f5 Qe8 17.Qc4 Bg7 18.fxg6
hxg6 19.Bxg7 Kxg7 20.Qc3+ Qe5 21.Rxf7+ Kxf7 22.Qxe5 Nxe5 23.Re1
Rd8 24.Rxe4 Nc6 25.Re2 Re8 26.Kf2 Rxe2+ 27.Kxe2 Nb4 28.c3 Nxa2
29.Kd1 Ke6 30.g4 g5 31.Ke1 Ke5 32.Kf2 Nc1 33.b4 Kf4 34.h3 Nb3
35.d3 b6 36.c4 a5 37.bxa5 bxa5 38.Ke2 Kg3 0-1

[Event "President's Cup"]
[Site "Seattle, WA"]
[Date "2016.02.13"]
[Round "2"]
[White "Deng Samuel  (WA)"]
[Black "Tien Sophie  (WA)"]
[Result "1-0"]
[WhiteElo "1644"]
[BlackElo "1611"]
[Annotator ""]
[Source ""]
[Remark "Open"]

1.d4 d5 2.c4 c6 3.Nf3 Nf6 4.e3 e6 5.b3 Nbd7 6.Bb2 Be7 7.Bd3 O-O
8.O-O Bd6 9.Nbd2 Re8 10.Ne5 Nf8 11.f4 Ng6 12.Qf3 Qe7 13.Rae1
a6 14.Kh1 Bxe5 15.fxe5 Nd7 16.e4 Nb6 17.Qf2 dxc4 18.bxc4 Na4
19.Ba1 b6 20.Bc2 b5 21.c5 Bd7 22.Bxa4 bxa4 23.Nc4 Rf8 24.Re3
f6 25.exf6 Rxf6 26.Rf3 Raf8 27.Qe3 Rxf3 28.Rxf3 Rxf3 29.Qxf3
Nh4 30.Qg3 Qf6 31.Kg1 Qh6 32.Bc3 Qc1+ 33.Qe1 Qg5 34.Qe2 Qc1+
35.Be1 Qg5 36.Bd2 Qg6 37.Be1 Qg5 38.Qf2 Ng6 39.Nd6 Qe7 40.Bd2
e5 41.Bc3 exd4 42.Bxd4 Qe6 43.h3 h6 44.Qc2 a3 45.Nc4 Nf4 46.Kh2
Qg6 47.Nxa3 Nh5 48.Be5 Qg5 49.Bd6 Nf4 50.Qf2 Nd3 51.Qf8+ Kh7
52.Nc4 Ne1 53.Qf2 Nd3 54.Qg3 Qxg3+ 55.Kxg3 Kg6 56.Kf3 Kf6 57.a3
Ne1+ 58.Kf2 Nc2 59.Be5+ Kf7 60.Ke2 Be6 61.Nd6+ Kf8 62.Bb2 g6
63.Kd2 Bb3 64.Nc8 Ke8 65.Kc3 Ba4 66.Nb6 Ne3 67.Nxa4 Nxg2 68.Bc1
g5 69.Kd3 Nf4+ 70.Bxf4 gxf4 71.Ke2 Ke7 72.Kf3 Ke6 73.Kxf4 1-0

[Event "President's Cup"]
[Site "Seattle, WA"]
[Date "2016.02.14"]
[Round "5"]
[White "Lawler Aiden  (WA)"]
[Black "Varner Murlin  (WA)"]
[Result "0-1"]
[WhiteElo "1331"]
[BlackElo "1568"]
[Annotator ""]
[Source ""]
[Remark "Reserve"]

1.e4 e6 2.d4 d5 3.e5 Nc6 ( 3...c5 ) 4.Nf3 Nge7 5.Bb5 Bd7 6.O-O
Nxe5 7.Bxd7+ Nxd7 8.Bf4 Ng6 9.Bg3 Nf6 10.Nc3 Bd6 11.Bxd6 Qxd6
12.Re1 a6 13.Ne5 O-O 14.Qe2 Rae8 15.Na4 Ne4 16.Nc5 Nxe5 17.Nxe4
dxe4 18.dxe5 Qxe5 19.Qxe4 Qxe4 20.Rxe4 Rd8 21.h3 Rd7 22.Ree1
Rfd8 23.Rac1 Kf8 24.Kh2 Rd2 25.Kg3 Ke7 26.Re3 g6 27.f3 R8d5 28.h4
h5 ( 28...Rc5 ) 29.Rb3 b6 30.Rc3 Kd6 31.Re1 Rc5 32.Ree3 Rxc2
33.Rxc5 Rxc5 ( 33...Kxc5 ) 34.Ra3 a5 35.Rb3 b5 36.Kf4 a4 37.Rb4
c6 38.Ke4 f6 39.a3 Re5+ 40.Kd3 c5 {??} ( 40...Re1 ) 41.Rxb5 Rd5+
42.Kc4 {?} Rd4+ 43.Kc3 Rxh4 44.Rb6+ Kd5 45.Rb8 Rc4+ 46.Kd3 Rc1
47.Rd8+ Ke5 48.Rf8 Rg1 49.f4+ Kf5 50.Ke3 Rxg2 51.Rb8 Rg3+ 52.Kf2
Rb3 53.Rc8 Rxb2+ 54.Kf3 Rb3+ 55.Kf2 Rxa3 56.Rxc5+ Kxf4 57.Rc4+
Kg5 0-1

[Event "President's Cup"]
[Site "Seattle, WA"]
[Date "2016.02.13"]
[Round "3"]
[White "Zhang Kyle  (WA)"]
[Black "Levine Joseph  (WA)"]
[Result "0-1"]
[WhiteElo "1315"]
[BlackElo "1188"]
[Annotator ""]
[Source ""]
[Remark "Reserve"]

1.e4 e5 2.Nf3 Nc6 3.Nc3 Nf6 4.Bb5 Bb4 5.d3 Nd4 6.O-O Bxc3 7.bxc3
Nxb5 8.c4 Nd4 9.Nxe5 d6 10.Nf3 Bg4 11.Bb2 Nxf3+ 12.gxf3 Bh3 13.Re1
Nh5 14.Kh1 Nf4 15.Rg1 Bg2+ 16.Rxg2 Nxg2 17.Kxg2 Qg5+ 18.Kh1 O-O
19.Qe2 g6 20.Rg1 Qc5 21.Qd2 f5 22.exf5 Rxf5 23.Rg3 Raf8 24.Qe2
d5 25.cxd5 Qxd5 26.Kg2 Rg5 27.c4 Rxg3+ 28.fxg3 Qf7 29.Qe4 c6
30.f4 h6 31.Qd4 Kh7 32.Qxa7 b5 33.Qxf7+ Rxf7 34.cxb5 cxb5 35.Kf3
b4 36.Ke4 Ra7 37.a3 bxa3 38.Ba1 Kg8 39.Kd5 a2 40.Ke6 Rb7 41.d4
Rb1 42.Bc3 Rc1 43.Bb2 Rc2 44.Ba1 Rxh2 45.d5 Rh1 46.Bd4 a1Q 47.Bxa1
Rxa1 48.d6 Re1+ 49.Kf6 Rd1 50.Ke7 Re1+ 51.Kf6 Kf8 52.d7 Rd1 53.d8Q+
Rxd8 54.Kxg6 Rd6+ 55.Kh5 Kg7 56.g4 Rd1 57.g5 Rh1+ 58.Kg4 Rg1+
59.Kh5 hxg5 60.fxg5 Rh1+ 61.Kg4 Kg6 62.Kf4 Rh4+ 0-1

[Event "President's Cup"]
[Site "Seattle, WA"]
[Date "2016.02.14"]
[Round "3"]
[White "Setiadikurnia Sloan  (WA)"]
[Black "Yang Richard  (WA)"]
[Result "1-0"]
[WhiteElo "1951"]
[BlackElo "1636"]
[Annotator ""]
[Source ""]
[Remark "Open"]

1.e4 e5 2.Nf3 Nc6 3.Bc4 Bc5 4.b4 Bxb4 5.c3 Ba5 6.d4 d6 7.Qb3
Qd7 8.O-O Nf6 9.dxe5 dxe5 10.Rd1 Qg4 11.Bxf7+ Kf8 12.Ba3+ Bb4
13.cxb4 b5 14.Nc3 Bb7 15.h3 Qf4 16.Bc1 Nd4 17.Rxd4 Qxc1+ 18.Rxc1
exd4 19.Nxd4 a6 20.e5 Nd7 21.Bd5 Bxd5 22.Qxd5 Nb6 23.Qc6 Ra7
24.Rd1 Ke7 25.Qe6+ Kf8 26.Nf5 Ra8 27.Qe7+ Kg8 28.Qxg7# 1-0

[Event "President's Cup"]
[Site "Seattle, WA"]
[Date "2016.02.14"]
[Round "3"]
[White "Chen Minda  (WA)"]
[Black "Patton Lorenzo  (WA)"]
[Result "1-0"]
[WhiteElo "1532"]
[BlackElo "804"]
[Annotator ""]
[Source ""]
[Remark "Open"]

1.d4 d5 2.c4 c6 3.Nc3 Nf6 4.cxd5 Nxd5 5.e4 Nxc3 6.bxc3 Qa5 7.Bd2
e5 8.Nf3 Nd7 9.Bc4 Nf6 10.Nxe5 Be6 11.Bxe6 fxe6 12.O-O Bd6 13.Nc4
Qc7 14.Nxd6+ Qxd6 15.e5 Qd5 16.exf6 gxf6 17.Qb3 Qd7 18.Rfe1 O-O-O
19.Qxe6 Qxe6 20.Rxe6 f5 21.Rb1 c5 22.Be3 cxd4 23.Bxd4 Rhe8 24.Rxe8
Rxe8 25.Bxa7 h5 26.Be3 Rd8 27.h3 Rd3 28.Bd4 f4 29.Kf1 f3 30.g3
Kd8 31.Ke1 Kc7 32.a4 Kc6 33.Rb5 b6 34.Rxb6+ Kd5 35.a5 Kc4 36.a6
Kd5 37.a7 Ke4 38.a8Q+ Kf5 39.Qd5# 1-0

[Event "President's Cup"]
[Site "Seattle, WA"]
[Date "2016.02.14"]
[Round "5"]
[White "Cobden Graham  (WA)"]
[Black "Kaelin Alex  (WA)"]
[Result "1-0"]
[WhiteElo "1077"]
[BlackElo "781"]
[Annotator ""]
[Source ""]
[Remark "Reserve"]

1.e4 c5 2.Nf3 d6 3.Nc3 Nc6 4.Bc4 g6 5.d3 Bg7 6.Bd2 Nf6 7.h3 O-O
8.Qc1 a6 9.Nd5 Nxd5 10.Bxd5 Bd7 11.Bg5 Rb8 12.c3 Ne5 13.Nxe5
Bxe5 14.Qd2 b5 15.Rc1 a5 16.d4 cxd4 17.cxd4 Bg7 18.O-O Rc8 19.Rxc8
Bxc8 20.Rd1 b4 21.Qf4 Qd7 22.Bb3 e6 23.e5 d5 24.Bf6 Bxf6 25.exf6
Ba6 26.Qh6 1-0